| 000 | 00335nam a22001457a 4500 | ||
|---|---|---|---|
| 003 | SGT | ||
| 020 | _a978-0-7020-4653-7 | ||
| 082 |
_a617.473 _bL17L |
||
| 100 | _aLAWRENCE, DANA J. | ||
| 245 | _aLEON CHAITOW MUSCLE ENERGY TECHNIQUES | ||
| 250 | _a4TH | ||
| 260 |
_aEDINBURGH _bELSEVIER _c2017 |
||
| 300 | _a319 | ||
| 942 |
_2ddc _cBK _02 |
||
| 999 |
_c16955 _d16955 |
||